00244nam a2200097Ia 4500008004100000082000800041100001800049245005800067942000600125999001500131240331s9999 xx 000 0 und d bDES aDe Silva, H.L 3aAn appraisal of the federal Alternative for Sri Lanka cL c2340d2340